Statistics for US presidential candidates since 1804

Click here to take the quiz!

General Stats

  • This quiz has been taken 692 times
    (670 since last reset)
  • The average score is 51 of 74

Answer Stats

CandidateYear% Correct
Barack Obama2008
99%
Bill Clinton1992
99%
Donald Trump
99%
Hillary Clinton2016
99%
DeWitt Clinton
98%
Franklin D. Roosevelt1932
98%
George Bush the Elder
98%
George Bush the Younger
98%
Joe Biden2020
98%
Richard Nixon
97%
Ronald Reagan
97%
Lyndon B. Johnson1964
96%
Theodore "Teddy"
Roosevelt
96%
John F. Kennedy1960
95%
Abraham Lincoln
94%
Jimmy Carter1976
94%
Al Gore2000
93%
Dwight D. Eisenhower
93%
Gerald Ford
92%
Harry S Truman1948
90%
John McCain
90%
John Quincy Adams
90%
Thomas Jefferson1804
90%
Andrew Jackson1824
89%
Woodrow Wilson1912
89%
Herbert Hoover
88%
Mitt Romney
88%
Calvin Coolidge
85%
James Madison1808
85%
William Howard Taft
85%
James Monroe1816
84%
Ulysses S. Grant
84%
William Henry Harrison
84%
Benjamin Harrison
83%
Grover Cleveland1884
82%
John Kerry2004
82%
William McKinley
82%
James Garfield
81%
Warren G. Harding
79%
Zachary Taylor
79%
James Buchanan1856
78%
Martin Van Buren1836
78%
James K. Polk1844
77%
Bob Dole
74%
Walter Mondale1984
74%
Rutherford B. Hayes
73%
Franklin Pierce1852
71%
Michael Dukakis1988
68%
Thomas Dewey
66%
Barry Goldwater
63%
Hubert Humphrey1968
60%
Adlai Stevenson II1952
57%
Al Smith1928
57%
George McGovern1972
57%
William Jennings Bryan1896
46%
Stephen A. Douglas1860
44%
Henry Clay
43%
George B. McClellan1864
40%
Alf Landon
38%
Wendell Willkie
36%
Samuel Tilden1876
32%
John C. Fremont
26%
John W. Davis1924
26%
Winfield Scott Hancock1880
26%
Charles Evans Hughes
23%
Charles Pinckney
23%
James M. Cox1920
23%
Horace Greeley1872
22%
Rufus King
22%
Winfield Scott
21%
James G. Blaine
20%
Alton B. Parker1904
17%
Horatio Seymour1868
16%
Lewis Cass1848
16%

Score Distribution

Percentile by Number Answered

Percent of People with Each Score

Your Score History

You have not taken this quiz since the last reset